000 01036nam a2200241Ia 4500
001 220.7-LAP pi le (21298)
003 IT-MiSPE
008 171229s9999||||xx |||||||||||||| ||und||
040 _aIT-MiSPE
_cIT-MiSPE
041 _aITALIANO
100 _aPinchas Lapide
240 _aMit einem Juden die Bibel lesen
245 0 _aLeggere la Bibbia con un ebreo
250 _a1a ed. (v)
260 _aBologna
_bEDB
_c1985
300 _a180 p.
_c22 cm
490 _aStudi biblici
_v11
501 _aEdizioni San Paolo srl - Piazza Soncino, 5 - 20092 CINISELLO BALSAMO (MI) (non commercial uses only) ® Copyright 2018
700 _aEnzo Gatti
_g(traduzione)
942 _cBK
957 _71
999 _a10015
_bNO
_g Copie: 1
_c338138
_d338138